000 00458nam a22001457a 4500
020 _qPB.
040 _cFizza Ishaq
082 _a301.633
_bHUG
100 _aGraham, Davis Hugh.
_9134081
245 _aVIOLENCE IN AMERICA: HISTORICAL AND COMPARATIVE PERSPECTIVES /
_c Hugh Davis Graham.
250 _aVol. 1
260 _bNational Commission on the Causes and Prevention of Violence,
_c1969.
300 _a301 p, ;
_c5.8 x 9 x .7 inches
942 _2ddc
_cBK
999 _c617011
_d617011